Instrucción para el paso del nuevo canal : (Record no. 165725)
[ view plain ]
| 000 -LEADER | |
|---|---|
| campo de control de longitud fija | 00927nam a2200205 i 4500 |
| 001 - NÚMERO DE CONTROL | |
| campo de control | 165725 |
| 003 - IDENTIFICADOR DE NÚMERO DE CONTROL | |
| campo de control | ES-MaACL |
| 005 - FECHA Y HORA DE LA ÚLTIMA TRANSACCIÓN | |
| campo de control | 20251011162544.0 |
| 008 - DATOS DE LONGITUD FIJA--INFORMACIÓN GENERAL | |
| campo de control de longitud fija | 991222s1861 sp ab |||| | spa d |
| 100 1# - ENTRADA PRINCIPAL--NOMBRE DE PERSONA | |
| Nombre de persona | Stanton, M. W. |
| 9 (RLIN) | 132885 |
| 245 10 - MENCIÓN DEL TÍTULO | |
| Título | Instrucción para el paso del nuevo canal : |
| Resto del título | descubierto en 1859 por M. W. Stanton entre las isla de Banka y la de Sumatra / |
| Mención de responsabilidad, etc. | traducido del inglés y publicado por la Dirección de Hidrografía ; [traducido por Ignacio de Negrín]. |
| 260 ## - PUBLICACIÓN, DISTRIBUCIÓN, ETC. | |
| Lugar de publicación, distribución, etc. | Madrid : |
| Nombre del editor, distribuidor, etc. | Depósito Hidrográfico, |
| Fecha de publicación, distribución, etc. | 1861 ( |
| Fabricante | Imp. de T. Fortanet) |
| 300 ## - DESCRIPCIÓN FÍSICA | |
| Extensión | 20 p., [1] h. de mapa pleg. ; |
| Dimensiones | 21 cm. |
| 594 ## - Nota al título y mención de responsabilidad | |
| Nota al título y mención de responsabilidad | El trad. consta en verso de port. |
| 650 #4 - PUNTO DE ACCESO ADICIONAL DE MATERIA--TÉRMINO DE MATERIA | |
| Término de materia o nombre geográfico como elemento de entrada | Navegación- |
| Subdivisión geográfica | Estrecho de Banka- |
| Subdivisión general | Instrucciones. |
| 9 (RLIN) | 136589 |
| 700 1# - ENTRADA AGREGADA--NOMBRE PERSONAL | |
| Nombre de persona | Negrín, Ignacio de, |
| Fechas asociadas al nombre | 1830-1885 |
| 9 (RLIN) | 85306 |
| 710 1# - ENTRADA AGREGADA--NOMBRE DE ENTIDAD CORPORATIVA | |
| Nombre de entidad corporativa o nombre de jurisdicción como elemento de entrada | España. |
| Unidad subordinada | Dirección de Hidrografía. |
| 9 (RLIN) | 3694 |
| 852 4# - LOCALIZACIÓN | |
| Ubicación | ES-MaACL |
| Número de control de estantería | G-11475 |
| Nota libre | - Enc. hol. |
| Estatus retirado | Estado de pérdida | Estado de daño | No para préstamo | Colección | Biblioteca de origen | Biblioteca actual | Ubicación en estantería | Fecha de adquisición | Fuente de adquisición | Total de préstamos | Signatura topográfica completa | Código de barras | Visto por última vez | Precio de reemplazo | Tipo de ítem Koha |
|---|---|---|---|---|---|---|---|---|---|---|---|---|---|---|---|
| Libros del s. XIX | Biblioteca del Ateneo de Madrid | Biblioteca del Ateneo de Madrid | Sala Pecera Planta 3 | 17/01/2008 | G-11475 | 1173802 | 23/02/2023 | 23/02/2023 | Libro impreso antiguo |
